Il cinema dei maestri : 58 grandi registi e un'attrice si raccontano /

Đã lưu trong:
Chi tiết về thư mục
Tác giả chính: Rondi, Gian Luigi (Tác giả)
Định dạng: Sách
Ngôn ngữ:Tiếng Italy
Được phát hành: Milano : Rusconi, 1980
Những chủ đề:
Các nhãn: Thêm thẻ
Không có thẻ, Là người đầu tiên thẻ bản ghi này!

MARC

LEADER 00000nam a22000007i 4500
001 IT\ICCU\RAV\0134032
003 ItRI
005 20260115232257.0
008 910318s1980 it |||||| ||||| |||||c
015 |2 IT  |a 8011371 
040 |b ita  |c importazione bologna sebina 
041 7 |a ita  |2 ISO-639-2 
082 |a 791.43  |9 CINEMATOGRAFO  |2 18 
100 1 |a Rondi, Gian Luigi  |0 IT\ICCU\CFIV\113141  |4 aut 
245 1 3 |a Il cinema dei maestri :  |b 58 grandi registi e un'attrice si raccontano /  |c Gian Luigi Rondi. 
260 |a Milano :  |b Rusconi,  |c 1980 
300 |a 455 p., [12] c. di tav. :  |b ill. ;  |c 22 cm 
650 7 |a Registi cinematografici  |x Interviste 
790 1 |a Rondi, Gianluigi  |3 IT\ICCU\SBNV\004219  |z Rondi, Gian Luigi 
942 |2 ddc  |c BK  |n 0 
952 |0 0  |1 0  |4 0  |6 DOC_791_430000000000000_RON  |7 0  |9 23440  |a BO  |b BO  |d 2026-01-15  |i 4563  |l 0  |o DOC 791.430 RON  |p BO4563  |r 2026-01-15 23:22:57  |w 2026-01-15  |x [Sebina 5] [1 v.]  |y BK  |z 1 v. 
999 |c 19972  |d 19972